00409 a2200109 450000100060000008200120000610000490001824501670006726000340023430000080026850000230027691324 aPR 1220 aRaed Abdul Razzaq; Prof Eubad John (Advisor) aDesigning and Fabrication of heat Resorvoir for Cooling and Heating Purpose and also Redesigning and Fabrication of Water Heating System and Solar Ovenn44 "A" EC aKarachibNED Universityc1996 a96p aBE Project Reports